| 000 | 00959nam0a22002891 4500 | ||
|---|---|---|---|
| 001 | rc\4648616 | ||
| 005 | 20250612142211.0 | ||
| 021 |
_aRU _b[57-32710] |
||
| 035 | _a(NLR Aleph) 008690062 | ||
| 090 |
_a9233076 _c9233076 |
||
| 100 | _a20130416d1957 |||y0rusy50 ca | ||
| 101 | 0 | _arus | |
| 102 | _aRU | ||
| 105 | _aac z ||||| | ||
| 200 | 1 | _aЭндокринные заболевания у детей и подростков | |
| 205 | _a2-е изд. | ||
| 210 |
_aМосква _cМедгиз _d1957 |
||
| 215 |
_a140 с., 1 л. портр. _cил. _d20 |
||
| 320 | _aБиблиогр.: с. 137-139 | ||
| 606 |
_aЭндокринные железы _xБолезни у детей _2psbo |
||
| 700 | 1 |
_aСоколов _bД. Д. _cврач _f1896-1954 _gДмитрий Дмитриевич _9218761 _3RU\NLR\AUTH\770218817 |
|
| 801 | 0 |
_aRU _bNLR _gpsbo |
|
| 801 | 1 |
_aRU _bELAR _2rusmarc |
|
| 852 |
_aNLR _j57-3/2515 |
||
| 942 | _cBOOK | ||
| 980 | _aNB | ||